| 000 | 01620nam0a2200385 4500 | ||
|---|---|---|---|
| 001 | RU\NLR\bibl\1473134 | ||
| 005 | 20250616002743.0 | ||
| 010 |
_a978-5-89503-417-0 _9200 |
||
| 021 |
_aRU _b2009-102598 _96528 |
||
| 035 | _a(nilc)RSL-KNO-004499588 | ||
| 035 | _a(NLR Aleph) 001464817 | ||
| 090 |
_a1606296 _c1606296 |
||
| 100 | _a20091221d2009 |||y0rusy50 ca | ||
| 101 | 0 | _arus | |
| 102 | _aRU | ||
| 105 | _aa ||||||||| | ||
| 200 | 1 |
_aНадежность теплоэнергетического оборудования и экологическая обстановка вокруг ТЭС _fВ. В. Литвак, В. Ф. Панин |
|
| 210 |
_aТомск _cИзд-во научно-технической литературы _d2009 |
||
| 215 |
_a277 с. _cил. _d20 |
||
| 320 | _aБиблиогр.: с. 266-274 | ||
| 606 | 1 |
_aТепловые электростанции _xЭкологические требования _92228103 _3RU\NLR\auth\661337476 |
|
| 606 | 1 |
_aТепловые электростанции _xТеплосиловое оборудование _xНадежность _92553210 _3RU\NLR\auth\661510691 |
|
| 686 |
_aЗ37-5-021.1,0 _2rubbk |
||
| 686 |
_aЗ370.2-526,0 _2rubbk |
||
| 686 | _aЗ37-5-021.1 | ||
| 686 | _aЗ37-082-642 | ||
| 700 | 1 |
_aЛитвак _bВ. В. _gВалерий Владимирович _4070 |
|
| 701 | 1 |
_aПанин _bВ. Ф. _gВладимир Филиппович _4070 |
|
| 801 | 0 |
_aRU _bRuMoRGB _c20091221 _grcr |
|
| 801 | 1 |
_aRU _bRuMoRGB _c20091221 |
|
| 801 | 2 |
_aRU _bNLR _c20100215 _grcr |
|
| 830 | _aпо кн | ||
| 942 | _cBOOK | ||
| 980 | _aNB | ||